|
|
|
|
| LEADER |
00000nab a2200000 a 4500 |
| 001 |
vtls008998050 |
| 003 |
SK-MaSNL |
| 005 |
20260303065829.0 |
| 008 |
070612c20070418xo dr n 000 00slo |
| 038 |
|
|
|a SVKPOCL
|
| 040 |
|
|
|a SVKPOCL
|b slo
|c AACR2
|e AACR2
|
| 041 |
|
|
|a slo
|
| 044 |
|
|
|a xo
|c SK
|
| 080 |
|
|
|a 745.52:061.4
|2 2001
|
| 080 |
|
|
|a 061.4
|2 2001
|
| 080 |
|
|
|a 929 Kocureková, Jaroslava
|2 2001
|
| 245 |
0 |
0 |
|a Hodvábny zážitok
|c [autor] (mk)
|
| 600 |
1 |
7 |
|a Kocureková, Jaroslava
|2 svkpocl
|9 475131
|
| 610 |
2 |
7 |
|a Na korze (kultúrne centrum : Sabinov, Slovensko)
|2 svkpocl
|9 1066417
|
| 650 |
0 |
7 |
|a textil
|x maľba
|2 svkpocl
|9 1066418
|
| 650 |
0 |
7 |
|a maľba na hodváb
|2 svkpocl
|9 85362
|
| 650 |
0 |
7 |
|a výstavy
|2 svkpocl
|9 2780
|
| 651 |
|
7 |
|a Sabinov (Slovensko)
|2 svkpocl
|9 29434
|
| 773 |
0 |
|
|t Prešovský večerník
|g Roč. XVIII, č. 4181 (18.4.2007), s. 2
|x 1336-4030
|
| 852 |
|
|
|a SVKPO
|b KIS3GCP
|
| 856 |
4 |
1 |
|u www.vecernik.po.sk
|
| 958 |
|
|
|a RG
|
| 999 |
|
|
|c 1752908
|d 1754838
|